| 000 | 00442nam a2200181Ia 4500 | ||
|---|---|---|---|
| 003 | LK-CoDNM | ||
| 008 | 010623t1998 xxu||||| |||| 00| 1 sin d | ||
| 040 |
_aLK-CoDNM _dLK-CoDNM _eLK-CoDNM |
||
| 041 | _asin | ||
| 080 |
_a07 _bDHA |
||
| 100 | _aDharmapala,Thanuja. | ||
| 245 | _aගී දැහැන | ||
| 246 | _aGee Dehena | ||
| 260 |
_bThanuja Dharmapala _c1998 |
||
| 300 | _b112p,ill., 21 cm | ||
| 650 | _aJournalism | ||
| 942 | _cBK | ||
| 999 |
_c118853 _d118853 |
||